[Event "CZE-chT2C 1213"]
[Site "Czech Republic"]
[Date "2013.01.20"]
[Round "7.2"]
[White "Muzikar, Jan"]
[Black "Cizek, Antonin"]
[Result "1/2-1/2"]
[WhiteElo "2053"]
[BlackElo "2281"]
[PlyCount "58"]
[EventDate "2012.10.14"]
[EventType "team-tourn"]
[EventRounds "11"]
[EventCountry "CZE"]
[SourceTitle "EXT 2015"]
[Source "ChessBase"]
[SourceDate "2014.11.20"]
[SourceVersion "1"]
[SourceVersionDate "2014.11.20"]
[SourceQuality "1"]
[WhiteTeam "Cesky Krumlov"]
[BlackTeam "Jihlava Gambit"]
[WhiteTeamCountry "CZE"]
[BlackTeamCountry "CZE"]

1. e4 e6 2. Nf3 d5 3. Nc3 Nf6 4. e5 Nfd7 5. d4 c5 6. Bb5 a6 7. Bxd7+ Bxd7 8. 0-0 Nc6 9. Ne2 Qc7 10. Re1 h6 11. c3 Be7 12. Nf4 cxd4 13. cxd4 Nb4 14. Bd2 Qc2 15. a3 Qxd1 16. Rexd1 Nc6 17. Nd3 b6 18. Nb4 a5 19. Nxc6 Bxc6 20. Rdc1 Kd7 21. b4 a4 22. Rc3 Bb5 23. Rac1 Rhc8 24. Rxc8 Rxc8 25. Rxc8 Kxc8 26. Ne1 Kd7 27. f4 Kc6 28. Nc2 Bd3 29. Ne3 f5 1/2-1/2

[Event "CZE-chT2A 1112"]
[Site "Czech Republic"]
[Date "2012.02.05"]
[Round "7.6"]
[White "Muzikar, Jan"]
[Black "Vacek, Miroslav"]
[Result "0-1"]
[WhiteElo "2072"]
[BlackElo "2000"]
[PlyCount "78"]
[EventDate "2011.10.09"]
[EventType "team-tourn"]
[EventRounds "11"]
[EventCountry "CZE"]
[SourceTitle "EXT 2013"]
[Source "ChessBase"]
[SourceDate "2012.11.22"]
[SourceVersion "1"]
[SourceVersionDate "2012.11.22"]
[SourceQuality "1"]
[WhiteTeam "Cesky Krumlov"]
[BlackTeam "Ceske Budejovice"]
[WhiteTeamCountry "CZE"]
[BlackTeamCountry "CZE"]

1. e4 e5 2. Nf3 Nc6 3. Bb5 a6 4. Ba4 d6 5. 0-0 Nge7 6. d4 b5 7. Bb3 Nxd4 8. Nxd4 exd4 9. c3 dxc3 10. Nxc3 Be6 11. Bxe6 fxe6 12. Bg5 Qd7 13. f4 g6 14. Bf6 Rg8 15. f5 0-0-0 16. a4 b4 17. fxe6 Qxe6 18. Nd5 c5 19. Qd3 Kb7 20. Rf3 Rd7 21. Bxe7 Bxe7 22. Raf1 Re8 23. Rf7 Bg5 24. Rxd7+ Qxd7 25. Nxb4 cxb4 26. Qd5+ Qc6 27. Qxg5 Qxe4 28. Rf7+ Kc6 29. Qc1+ Kd5 30. Qg5+ Re5 31. Qd2+ Qd4+ 32. Qxd4+ Kxd4 33. Rxh7 Re1+ 34. Kf2 Rb1 35. Rh4+ Kc5 36. Rg4 Rxb2+ 37. Ke3 b3 38. Kd3 Rc2 39. Rxg6 Rc1 0-1

[Event "CZE-chT2A 1112"]
[Site "Czech Republic"]
[Date "2011.11.20"]
[Round "3"]
[White "Landa, Jiri"]
[Black "Muzikar, Jan"]
[Result "1/2-1/2"]
[WhiteElo "1959"]
[BlackElo "2072"]
[PlyCount "46"]
[EventDate "2011.10.09"]
[EventType "team-tourn"]
[EventRounds "11"]
[EventCountry "CZE"]
[SourceTitle "EXT 2013"]
[Source "ChessBase"]
[SourceDate "2012.11.22"]
[SourceVersion "1"]
[SourceVersionDate "2012.11.22"]
[SourceQuality "1"]
[WhiteTeam "Pisek"]
[BlackTeam "Cesky Krumlov"]
[WhiteTeamCountry "CZE"]
[BlackTeamCountry "CZE"]

1. d4 d5 2. c4 dxc4 3. Nf3 Nf6 4. Nc3 a6 5. a4 c5 6. e3 e6 7. Bxc4 Nc6 8. 0-0 Be7 9. d5 Na5 10. Ba2 c4 11. dxe6 Bxe6 12. Nd4 Qb6 13. Nxe6 Qxe6 14. Ne2 Bb4 15. Bd2 Qb6 16. Rc1 Rd8 17. Nd4 Bxd2 18. Qxd2 Ne4 19. Qc2 Nd6 20. Rfd1 0-0 21. b3 Rc8 22. bxc4 Naxc4 23. Qb1 Qxb1 1/2-1/2

[Event "Strmilov op"]
[Site "Strmilov"]
[Date "2004.05.08"]
[Round "7"]
[White "Malirsky, Josef"]
[Black "Muzikar, Jan"]
[Result "0-1"]
[WhiteElo "1477"]
[BlackElo "1970"]
[PlyCount "48"]
[EventDate "2004.05.05"]
[EventType "swiss"]
[EventRounds "9"]
[EventCountry "CZE"]
[SourceTitle "EXT 2006"]
[Source "ChessBase"]
[SourceDate "2005.11.24"]
[SourceVersion "1"]
[SourceVersionDate "2005.11.24"]
[SourceQuality "1"]

1. e4 d5 2. exd5 Qxd5 3. Nc3 Qd6 4. Nf3 Nf6 5. Be2 a6 6. 0-0 Nc6 7. d4 Bg4 8. Be3 h6 9. a3 0-0-0 10. Re1 Bxf3 11. Bxf3 Nxd4 12. Bxd4 Qxd4 13. Bxb7+ Kb8 14. Qxd4 Rxd4 15. Bxa6 e6 16. Rad1 Bc5 17. Rxd4 Bxd4 18. Bd3 Rd8 19. Nd1 Rd6 20. c3 Bb6 21. Bc2 Rd2 22. Ne3 Bxe3 23. fxe3 Rxc2 24. Rb1 Ng4 0-1

[Event "Strmilov op"]
[Site "Strmilov"]
[Date "2004.05.07"]
[Round "6"]
[White "Muzikar, Jan"]
[Black "Janecek, Josef"]
[Result "0-1"]
[WhiteElo "1970"]
[BlackElo "2099"]
[PlyCount "84"]
[EventDate "2004.05.05"]
[EventType "swiss"]
[EventRounds "9"]
[EventCountry "CZE"]
[SourceTitle "EXT 2006"]
[Source "ChessBase"]
[SourceDate "2005.11.24"]
[SourceVersion "1"]
[SourceVersionDate "2005.11.24"]
[SourceQuality "1"]

1. e4 c5 2. Nf3 Nc6 3. Nc3 Nf6 4. Bb5 Nd4 5. e5 Nxb5 6. Nxb5 Nd5 7. Qe2 e6 8. d4 a6 9. Nd6+ Bxd6 10. exd6 0-0 11. c4 Nb4 12. a3 Nc6 13. 0-0 Nxd4 14. Nxd4 cxd4 15. Qe5 Qh4 16. Rd1 f6 17. Qxd4 Qxd4 18. Rxd4 b6 19. Rg4 Kf7 20. Rg3 Rb8 21. Rb3 b5 22. a4 Rb6 23. Be3 Rxd6 24. Bc5 bxc4 25. Rb8 Rc6 26. Bxf8 Kxf8 27. Rc1 d5 28. b4 Ke7 29. b5 axb5 30. axb5 Rc5 31. b6 Bd7 32. Rg8 Rb5 33. Rxg7+ Kd6 34. Rxh7 Rxb6 35. Rh3 d4 36. Kf1 c3 37. Ke1 e5 38. Rd3 Rb3 39. h4 Kd5 40. h5 e4 41. Rg3 d3 42. Kd1 Ba4 0-1

[Event "Strmilov op"]
[Site "Strmilov"]
[Date "2004.05.06"]
[Round "4"]
[White "Muzikar, Jan"]
[Black "Pahorecky, Jiri1111"]
[Result "1/2-1/2"]
[WhiteElo "1970"]
[BlackElo "1752"]
[PlyCount "66"]
[EventDate "2004.05.05"]
[EventType "swiss"]
[EventRounds "9"]
[EventCountry "CZE"]
[SourceTitle "EXT 2006"]
[Source "ChessBase"]
[SourceDate "2005.11.24"]
[SourceVersion "1"]
[SourceVersionDate "2005.11.24"]
[SourceQuality "1"]

1. e4 e5 2. Nf3 Nc6 3. Bb5 a6 4. Ba4 Nf6 5. 0-0 b5 6. Bb3 Be7 7. Re1 0-0 8. a4 Bb7 9. d3 d6 10. Nbd2 Nd7 11. axb5 axb5 12. Rxa8 Qxa8 13. c3 Nc5 14. Bc2 Ne6 15. Nf1 b4 16. Ng3 bxc3 17. bxc3 Qa1 18. Qd2 Rb8 19. Nf5 Bc8 20. d4 exd4 21. cxd4 Nf8 22. Nxe7+ Nxe7 23. e5 Be6 24. Re3 Qa2 25. Ra3 Qc4 26. Bd3 Qb4 27. Qxb4 Rxb4 28. Bd2 Rb3 29. Rxb3 Bxb3 30. exd6 cxd6 31. Bb4 Nc6 32. Bxd6 Ne6 33. Bc5 Bd5 1/2-1/2

[Event "Strmilov op"]
[Site "Strmilov"]
[Date "2004.05.06"]
[Round "3"]
[White "Steinhauser, Dominik"]
[Black "Muzikar, Jan"]
[Result "0-1"]
[WhiteElo "1753"]
[BlackElo "1970"]
[PlyCount "118"]
[EventDate "2004.05.05"]
[EventType "swiss"]
[EventRounds "9"]
[EventCountry "CZE"]
[SourceTitle "EXT 2006"]
[Source "ChessBase"]
[SourceDate "2005.11.24"]
[SourceVersion "1"]
[SourceVersionDate "2005.11.24"]
[SourceQuality "1"]

1. e4 d5 2. exd5 Nf6 3. d4 e6 4. Nf3 exd5 5. Nc3 Bf5 6. Be2 Be7 7. 0-0 c6 8. Re1 Nbd7 9. Bd3 Bxd3 10. Qxd3 0-0 11. Bd2 Re8 12. Re2 Nf8 13. Rae1 Ng6 14. Ne5 Bd6 15. f4 Qc7 16. f5 Nxe5 17. dxe5 Bxe5 18. g3 Re7 19. Bf4 Rae8 20. Bxe5 Rxe5 21. Qd4 Rxe2 22. Rxe2 Rxe2 23. Nxe2 Qe7 24. Nc3 Nd7 25. b4 Qe1+ 26. Kg2 Ne5 27. a4 h5 28. h3 Nc4 29. Qd3 Ne3+ 30. Kf3 Nxf5 31. Kg2 g6 32. b5 h4 33. Ne2 Nxg3 34. Nxg3 hxg3 35. Qxg3 Qe4+ 36. Kf1 Qc4+ 37. Ke1 Qc5 38. Qb8+ Kg7 39. Qxb7 cxb5 40. axb5 d4 41. Qc6 Qe5+ 42. Kd2 Qe3+ 43. Kd1 Qxh3 44. Kd2 Qe3+ 45. Kd1 Qe6 46. Kd2 Kf6 47. Qf3+ Ke7 48. Qb7+ Qd7 49. Qe4+ Kd8 50. Qa8+ Ke7 51. Qe4+ Kf8 52. Qa8+ Kg7 53. Qc6 Qe6 54. Qb7 Qb6 55. Qc6 g5 56. Kd3 g4 57. Qd7 g3 58. Qg4+ Qg6+ 59. Qxg6+ Kxg6 0-1

[Event "CZE-chTJ 0001"]
[Site "Czech Republic"]
[Date "2001.??.??"]
[Round "3"]
[White "Muzikar, Jan"]
[Black "Kohout, Petr"]
[Result "1-0"]
[WhiteElo "2025"]
[BlackElo "2230"]
[PlyCount "79"]
[EventDate "2000.??.??"]
[EventType "team"]
[EventRounds "11"]
[EventCountry "CZE"]
[SourceTitle "EXT 2003"]
[Source "ChessBase"]
[SourceDate "2002.11.25"]
[SourceVersion "1"]
[SourceVersionDate "2002.11.25"]
[SourceQuality "1"]

1. e4 c6 2. d4 g6 3. Nf3 Bg7 4. Nc3 d6 5. a4 Nf6 6. Be2 0-0 7. 0-0 Nbd7 8. Ng5 e5 9. dxe5 dxe5 10. Be3 Qe7 11. Nf3 Qb4 12. Nd2 Qxb2 13. Na2 Qa3 14. Nc4 Qe7 15. f3 Rd8 16. Qe1 b6 17. Qf2 Nf8 18. Rfb1 Qc7 19. Nb4 Be6 20. Ra3 Re8 21. Rc3 c5 22. Na6 Qe7 23. a5 Bc8 24. Na3 Bxa6 25. Bxa6 N6d7 26. Rd3 Red8 27. Nc4 Rab8 28. h3 Ne6 29. c3 Nc7 30. Bb5 bxa5 31. Nxa5 Nxb5 32. Nc6 Qe6 33. Nxd8 Rxd8 34. Rxb5 Qc4 35. Rxd7 Rxd7 36. Rb8+ Bf8 37. Bxc5 Rd1+ 38. Kh2 Qxc3 39. Bxf8 Qc7 40. Bd6+ 1-0

[Event "Prague AKO op"]
[Site "Prague"]
[Date "2001.??.??"]
[Round "?"]
[White "Studnicka, Tomas"]
[Black "Muzikar, Jan"]
[Result "1-0"]
[WhiteElo "2045"]
[BlackElo "2055"]
[PlyCount "80"]
[EventDate "2001.??.??"]
[EventType "swiss"]
[EventRounds "9"]
[EventCountry "CZE"]
[SourceTitle "EXT 2003"]
[Source "ChessBase"]
[SourceDate "2002.11.25"]
[SourceVersion "1"]
[SourceVersionDate "2002.11.25"]
[SourceQuality "1"]

1. Nf3 Nf6 2. c4 g6 3. Nc3 Bg7 4. d4 c5 5. d5 d6 6. Bg5 h6 7. Bf4 Nh5 8. Bd2 Nf6 9. e4 0-0 10. Bd3 Na6 11. Qc1 Kh7 12. h3 Nc7 13. Qc2 e6 14. 0-0 e5 15. Nh2 Nh5 16. Ne2 f5 17. f4 exf4 18. Bxf4 Nxf4 19. Rxf4 Be5 20. Rff1 f4 21. Nf3 Ne8 22. Rab1 a5 23. a3 g5 24. b4 cxb4 25. axb4 a4 26. c5 Qf6 27. Nxe5 Qxe5 28. Kh1 f3 29. Ng1 g4 30. gxf3 gxf3 31. Rxf3 Rxf3 32. Nxf3 Qg3 33. Qg2 Qxh3+ 34. Qxh3 Bxh3 35. e5+ Kh8 36. exd6 Nf6 37. Ne5 Nxd5 38. d7 Ne3 39. d8Q+ Rxd8 40. Nf7+ Kg7 1-0